|
|
|
|
| LEADER |
00000cam a2200000 c 4500 |
| 001 |
255124236 |
| 003 |
DE-627 |
| 005 |
20251222211312.0 |
| 007 |
tu |
| 008 |
990214s1985 xxu||||| 00| ||eng c |
| 010 |
|
|
|a 81048146
|
| 020 |
|
|
|a 0669052914
|9 0-669-05291-4
|
| 024 |
8 |
|
|a 81048146
|q Identnummer
|
| 035 |
|
|
|a (DE-627)255124236
|
| 035 |
|
|
|a (DE-576)021140294
|
| 035 |
|
|
|a (DE-599)GBV255124236
|
| 035 |
|
|
|a (OCoLC)239998539
|
| 035 |
|
|
|a (OCoLC)11068751
|
| 035 |
|
|
|a (OCoLC)11068751
|
| 035 |
|
|
|a (DE-604)800317834x
|
| 040 |
|
|
|a DE-627
|b ger
|c DE-627
|e rakwb
|
| 041 |
|
|
|a eng
|
| 044 |
|
|
|c XD-US
|
| 050 |
|
0 |
|a PN4877
|
| 082 |
0 |
|
|a 304.873
|
| 082 |
0 |
|
|a 304.8/73
|
| 084 |
|
|
|a AP 23283
|2 rvk
|0 (DE-625)rvk/7086:743
|
| 100 |
1 |
|
|a Simon, Rita J.
|d 1931-
|0 (DE-588)130567620
|0 (DE-627)503504203
|0 (DE-576)16308355X
|4 aut
|
| 109 |
|
|
|a Simon, Rita J. 1931-
|a Simon, Rita James 1931-
|a James Simon, Rita 1931-
|
| 245 |
1 |
0 |
|a Public opinion and the immigrant
|b print media coverage, 1880 - 1980
|c Rita J. Simon
|
| 264 |
|
1 |
|a Lexington, Mass. [u.a.]
|b Lexington Books
|c 1985
|
| 300 |
|
|
|a XV, 239 S
|
| 336 |
|
|
|a Text
|b txt
|2 rdacontent
|
| 337 |
|
|
|a ohne Hilfsmittel zu benutzen
|b n
|2 rdamedia
|
| 338 |
|
|
|a Band
|b nc
|2 rdacarrier
|
| 500 |
|
|
|a Includes bibliographies and index
|
| 583 |
1 |
|
|a Archivierung prüfen
|c 20200919
|f DE-640
|z 2
|2 pdager
|
| 583 |
1 |
|
|a Archivierung prüfen
|c 20240324
|f DE-4165
|z 2
|2 pdager
|
| 650 |
|
7 |
|8 1.1\x
|a Internationale Migration
|0 (DE-627)091368448
|0 (DE-2867)15954-1
|2 stw
|
| 650 |
|
7 |
|8 1.2\x
|a Öffentliche Meinung
|0 (DE-627)091380995
|0 (DE-2867)13661-5
|2 stw
|
| 650 |
|
7 |
|8 1.3\x
|a Usa
|0 (DE-627)091396867
|0 (DE-2867)17829-1
|2 stw
|
| 650 |
|
7 |
|8 1.4\x
|a Wirtschaftsinformation
|0 (DE-627)091401003
|0 (DE-2867)18059-5
|2 stw
|
| 650 |
|
0 |
|a American periodicals
|
| 650 |
|
0 |
|a Public Opinion
|z United States
|
| 653 |
|
0 |
|a American periodicals
|
| 653 |
|
0 |
|a United States
|a Emigration and immigration
|a Public opinion
|
| 653 |
|
0 |
|a Public opinion
|a United States
|
| 689 |
0 |
0 |
|d g
|0 (DE-588)4078704-7
|0 (DE-627)106076612
|0 (DE-576)209209682
|a USA
|2 gnd
|
| 689 |
0 |
1 |
|d s
|0 (DE-588)4047150-0
|0 (DE-627)106195492
|0 (DE-576)209072490
|a Presse
|2 gnd
|
| 689 |
0 |
2 |
|d s
|0 (DE-588)4013960-8
|0 (DE-627)106341502
|0 (DE-576)20890610X
|a Einwanderung
|2 gnd
|
| 689 |
0 |
3 |
|a z
|2 gnd
|a Geschichte 1880-1980
|
| 689 |
0 |
|
|5 (DE-627)
|
| 689 |
1 |
0 |
|d g
|0 (DE-588)4078704-7
|0 (DE-627)106076612
|0 (DE-576)209209682
|a USA
|2 gnd
|
| 689 |
1 |
1 |
|d s
|0 (DE-588)4043152-6
|0 (DE-627)104826274
|0 (DE-576)209054492
|a Öffentliche Meinung
|2 gnd
|
| 689 |
1 |
2 |
|d s
|0 (DE-588)4013960-8
|0 (DE-627)106341502
|0 (DE-576)20890610X
|a Einwanderung
|2 gnd
|
| 689 |
1 |
3 |
|a z
|2 gnd
|a Geschichte 1880-1980
|
| 689 |
1 |
|
|5 (DE-627)
|
| 889 |
|
|
|w (DE-627)024158437
|
| 935 |
|
|
|i mdedup
|
| 935 |
|
|
|i Blocktest
|
| 936 |
r |
v |
|a AP 23283
|b USA
|k Allgemeines
|k Medien- und Kommunikationswissenschaften, Medienkulturwissenschaft, Kommunikationsdesign
|k Zeitungswissenschaft
|k Biografien, Geschichte
|k Pressegeschichte
|k Amerika, Indianische Welt
|k Nordamerika
|k USA
|0 (DE-627)1271743531
|0 (DE-625)rvk/7086:743
|0 (DE-576)201743531
|
| 951 |
|
|
|a BO
|
| ELC |
|
|
|b 1
|
| LOK |
|
|
|0 000 xxxxxcx a22 zn 4500
|
| LOK |
|
|
|0 001 3341444432
|
| LOK |
|
|
|0 003 DE-627
|
| LOK |
|
|
|0 004 255124236
|
| LOK |
|
|
|0 005 19900726000000
|
| LOK |
|
|
|0 008 900726||||||||||||||||ger|||||||
|
| LOK |
|
|
|0 040
|a DE-21
|c DE-627
|d DE-21
|
| LOK |
|
|
|0 852
|a DE-21
|
| LOK |
|
|
|0 852 1
|c KB 17 A 632
|9 00
|
| LOK |
|
|
|0 935
|a krim
|
| LOK |
|
|
|0 936ln
|a k1
|
| LOK |
|
|
|0 939
|a 26-07-90
|b l01
|
| ORI |
|
|
|a SA-MARC-krimdoka001.raw
|
| SIG |
|
|
|a UB: KB 17 A 632
|
| TIM |
|
|
|a 100018800101_100019801231
|b Geschichte 1880-1980
|